|
|
|
|
| LEADER |
01231nam a2200349 a 4500 |
| 001 |
000592560 |
| 003 |
CZ BrMZK |
| 005 |
20090401092736.0 |
| 007 |
ta |
| 008 |
020328s2001 xr f cze d |
| 015 |
|
|
|a cnb001092296
|
| 020 |
|
|
|a 80-200-0854-3
|
| 035 |
|
|
|a (OCoLC)50116417
|
| 040 |
|
|
|a BOA001
|c ze
|d BOA001
|
| 072 |
|
7 |
|a 159.9
|x Psychologie
|2 Konspekt
|9 17
|
| 080 |
|
|
|a 159.9.018
|2 MRF
|
| 080 |
|
|
|a 159.9.07
|2 MRF
|
| 080 |
|
|
|a (048.8)
|2 MRF
|
| 100 |
1 |
|
|a Osecká, Lída,
|d 1945-1999
|7 jn20001005504
|4 aut
|
| 245 |
1 |
0 |
|a Typologie v psychologii :
|b aplikace metod shlukové analýzy v psychologickém výzkumu /
|c Lída Osecká
|
| 250 |
|
|
|a Vyd. 1.
|
| 260 |
|
|
|a Praha :
|b Academia,
|c 2001
|
| 300 |
|
|
|a 161 s. ;
|c 21 cm
|
| 504 |
|
|
|a Obsahuje bibliografii
|
| 650 |
0 |
7 |
|a psychologická metodologie
|7 ph120428
|2 czenas
|
| 650 |
0 |
7 |
|a psychologický výzkum
|7 ph124806
|2 czenas
|
| 653 |
0 |
|
|a shluková analýza
|
| 655 |
|
7 |
|a studie
|7 fd133597
|2 czenas
|
| 910 |
|
|
|a BOA001
|b 2-1100.411
|
| 990 |
|
|
|a BK
|
| 996 |
6 |
|
|b 2610158000
|c 2-1100.411
|l MZK
|r Sklad / do 1 hodiny
|n 4
|p p.v.
|w 000592560
|u 000010
|a 1
|e BOA001
|j MZK50
|s P
|
| 996 |
7 |
|
|b 2610158001
|c 2-1100.411
|l Vol.výběr
|r VV 0p
|n 67
|p kup
|h 159.9 OSE
|w 000592560
|u 000020
|a 0
|e BOA001
|j MZK50
|s A
|